Efekt Gun Clubu /
Delší, kratší i nejkratší povídky z let 1990-2022Nebezpečí kouzelné hory. Válka s mimozemšťany. Země v ohrožení.Démoni, přízraky i duchové. Blázniví vynálezci. Cesty časem i dimenzemi. Divoký západ i divoký vesmír. A ještě víc. Čtyřicet devět více či méně (nebo vůbec) fantastických příběhů: Ledová h...
Uloženo v:
| Hlavní autor: | |
|---|---|
| Médium: | E-kniha |
| Jazyk: | Czech |
| Vydáno: |
Praha :
Petr Vyhlídka,
2022
|
| Tagy: |
Žádné tagy |
| LEADER | 02361nam a22002297i 4500 | ||
|---|---|---|---|
| 001 | 299171 | ||
| 007 | ta | ||
| 008 | 260424s2022 xr ||||| |||| 00| 0 cze d | ||
| 020 | |a 9990004263734 | ||
| 044 | |a xr | ||
| 100 | 1 | |a Vyhlídka, Petr |4 aut | |
| 245 | 1 | 0 | |a Efekt Gun Clubu / |c Vyhlídka, Petr |
| 264 | 1 | |a Praha : |b Petr Vyhlídka, |c 2022 | |
| 300 | |a 1 online zdroj (390 stran) | ||
| 336 | |a text |b txt |2 rdacontent | ||
| 337 | |a bez média |b n |2 rdamedia | ||
| 338 | |a online zdroj |b cr |2 rdacarrier | ||
| 520 | 2 | |a Delší, kratší i nejkratší povídky z let 1990-2022Nebezpečí kouzelné hory. Válka s mimozemšťany. Země v ohrožení.Démoni, přízraky i duchové. Blázniví vynálezci. Cesty časem i dimenzemi. Divoký západ i divoký vesmír. A ještě víc. Čtyřicet devět více či méně (nebo vůbec) fantastických příběhů: Ledová hora • Děvčátko se zlatými vlásky • Nepřátelé • Z nouze zisk • Mezi světy • Evestar • Doba žádá spolupráci • Stín • Což takhle perpetuum stabile? • Hodina v saloonu Silver Hoax • Efekt Gun Clubu • Dokonalá metoda • Výprodej • Nečekaná komplikace dokonalého plánu • Výhodná splátka nechtěného osobního dluhu • Pes, který štěká... • Tři bílá auta • Prokletí Medúsy Forkýnovny bohyní Pallas Athénou • Jak správně krmit démona • Nové šaty, vaše veličenstvo? • Procesí ke Zlatému skřítku • Maximální zrychlení • Nová doba, nové prostředky • Majáky času • Symfonie • Pravý důvod evoluce • Zabij si svého • Ejut Sixeen • Do nebíčka... • Zabíječ • Pravda • Akademikův konec • Dědictví • Před cílem • S teologií opatrně • Ještě modernější doba • Šťastná šestka • Blízké setkání čtyřiapůltého druhu • Ostrov trpaslíků • Dokonalost • Komplex • Jablka • Frontový sen stavebníkův • Jeden jediný nápad • Pro klidný spánek • Gól • Příšera z kanálu • Deník emancipovaného muže • Jste simulant, pane | |
| 910 | |a RBIT002 | ||
| 998 | |d 426373 |a https://core.palmknihy.cz/api/books/426373/cover?tdwjl3 |b https://core.palmknihy.cz/api/books/426373/cover/400?tdwjl3 |c https://core.palmknihy.cz/api/books/426373/cover/50?tdwjl3 |e |g 390 |i 9990004263734 |l |q 49 |r 1 |s https://www.palmknihy.cz/kniha/426373 |t ebook |y 2022 |z 1 | ||
| 999 | |d 299169 | ||